[Event "Berks & Bucks Reserves op-A"]
[Site "Maidenhead"]
[Date "2024.08.26"]
[Round "5"]
[White "Sartain, Patrick"]
[Black "English, Andrew Jp"]
[Result "1-0"]
[WhiteElo "1520"]
[BlackElo "1491"]
[PlyCount "101"]
[EventDate "2024.08.24"]
[EventType "swiss"]
[EventRounds "6"]
[EventCountry "ENG"]
[SourceTitle "CBM 221 Extra"]
[Source "ChessBase"]
[SourceDate "2024.09.30"]
[SourceVersion "1"]
[SourceVersionDate "2024.09.30"]
[SourceQuality "1"]

1. e4 c5 2. f4 Nc6 3. Nf3 g6 4. c3 Bg7 5. Bc4 d6 6. 0-0 Bg4 7. d3 Nf6 8. Na3 a6 9. Nc2 b5 10. Bb3 Qb6 11. Kh1 h5 12. Ne3 e6 13. Nxg4 Nxg4 14. Qe2 0-0-0 15. a4 b4 16. cxb4 Qxb4 17. Bc4 a5 18. h3 Nd4 19. Nxd4 Bxd4 20. Ba6+ Kc7 21. Bd2 Qb6 22. Bc4 Rb8 23. Qe1 Ra8 24. Bb5 c4 25. Rc1 Nf2+ 26. Rxf2 Bxf2 27. Rxc4+ Kb7 28. Bc6+ Qxc6 29. Qxf2 Qd7 30. e5 Rhc8 31. Rxc8 Kxc8 32. Qb6 dxe5 33. Bxa5 Rxa5 34. Qxa5 exf4 35. Qa8+ Kc7 36. Qa7+ Kd8 37. Qxd7+ Kxd7 38. b4 Kc6 39. Kg1 f5 40. Kf2 e5 41. h4 Kb6 42. Kf3 Kc6 43. a5 Kb5 44. d4 exd4 45. Kxf4 d3 46. Ke3 Kc4 47. Kd2 g5 48. hxg5 f4 49. g6 f3 50. gxf3 h4 51. g7 1-0

[Event "Berks & Bucks Reserves op-A"]
[Site "Maidenhead"]
[Date "2024.08.25"]
[Round "4"]
[White "Biju, Alen Joseph"]
[Black "Sartain, Patrick"]
[Result "0-1"]
[WhiteElo "1443"]
[BlackElo "1520"]
[PlyCount "61"]
[EventDate "2024.08.24"]
[EventType "swiss"]
[EventRounds "6"]
[EventCountry "ENG"]
[SourceTitle "CBM 221 Extra"]
[Source "ChessBase"]
[SourceDate "2024.09.30"]
[SourceVersion "1"]
[SourceVersionDate "2024.09.30"]
[SourceQuality "1"]

1. c4 e5 2. Nc3 d6 3. g3 Nc6 4. Bg2 Bd7 5. e3 Nf6 6. Nge2 Be7 7. 0-0 g6 8. d4 Qc8 9. a3 Bh3 10. Qa4 Bxg2 11. Kxg2 Kf8 12. d5 Nd8 13. e4 h5 14. b4 h4 15. Bg5 hxg3 16. fxg3 Qh3+ 17. Kf2 Ng4+ 18. Ke1 Bxg5 19. Nb5 Ne3 20. Rf2 Nxc4 21. Ra2 Be3 22. Rf6 Qxh2 23. Nxc7 Qg2 24. Ng1 Qxg1+ 25. Rf1 Qxg3+ 26. Kd1 Qg4+ 27. Re2 Nb2+ 28. Ke1 Nxa4 29. Rxe3 Rh2 30. b5 Qg2 31. Rd3 0-1

[Event "London Classic op U1750 11th"]
[Site "London"]
[Date "2019.12.06"]
[Round "5"]
[White "Pasari, Prakash"]
[Black "Sartain, Patrick"]
[Result "0-1"]
[WhiteElo "1105"]
[BlackElo "1476"]
[PlyCount "118"]
[EventDate "2019.12.02"]
[EventType "swiss"]
[EventRounds "5"]
[EventCountry "ENG"]
[SourceTitle "CBM 195 Extra"]
[Source "ChessBase"]
[SourceDate "2020.05.31"]
[SourceVersion "1"]
[SourceVersionDate "2020.05.31"]
[SourceQuality "1"]

1. d4 d6 2. c4 g6 3. Nc3 Bg7 4. Nf3 Nf6 5. Bg5 0-0 6. e3 Nbd7 7. Bd3 Re8 8. 0-0 e5 9. Re1 h6 10. Bxf6 Nxf6 11. Ne4 Bg4 12. h3 Bd7 13. Nxf6+ Qxf6 14. dxe5 dxe5 15. Be4 Rad8 16. Qc2 c6 17. b3 g5 18. Nh2 h5 19. f3 Qh6 20. Rad1 Rf8 21. c5 Be6 22. Rd6 Rxd6 23. cxd6 Rd8 24. Rd1 Bc8 25. Bf5 Bxf5 26. Qxf5 Qg6 27. Qxg6 fxg6 28. e4 Kf7 29. Nf1 Ke6 30. Ne3 Rxd6 31. Rxd6+ Kxd6 32. Nc4+ Kc5 33. Na5 b6 34. Nc4 b5 35. Na3 a5 36. Kf2 Kd4 37. Nb1 Kd3 38. Na3 Bf8 39. Nxb5 cxb5 40. Ke1 Kc2 41. g3 Kb2 42. a4 Kxb3 43. axb5 Bc5 44. f4 gxf4 45. gxf4 Kc4 46. f5 gxf5 47. exf5 Kxb5 48. Ke2 Be7 49. Ke3 Kc5 50. Ke4 Bf6 51. h4 a4 52. Kd3 a3 53. Kc2 e4 54. Kb3 e3 55. Kxa3 e2 56. Ka4 e1Q 57. Ka3 Kc4 58. Ka2 Qd2+ 59. Kb1 Qb2# 0-1

[Event "BCF-chT4S 1819 (4NCL)"]
[Site "England"]
[Date "2019.02.09"]
[Round "5.165"]
[White "Sartain, Patrick"]
[Black "Ramesh, Karthik R"]
[Result "1-0"]
[WhiteElo "1476"]
[BlackElo "1322"]
[PlyCount "59"]
[EventDate "2018.11.17"]
[EventType "team-swiss"]
[EventRounds "11"]
[EventCountry "ENG"]
[SourceTitle "EXT 2021"]
[Source "ChessBase"]
[SourceDate "2020.10.23"]
[SourceVersion "1"]
[SourceVersionDate "2020.10.23"]
[SourceQuality "1"]
[WhiteTeam "Cambridge University III"]
[BlackTeam "Watford II"]
[WhiteTeamCountry "ENG"]
[BlackTeamCountry "ENG"]

1. e4 e5 2. Nf3 Nc6 3. Bc4 Bc5 4. c3 Nf6 5. d3 a6 6. 0-0 Ba7 7. b4 b5 8. Bb3 d6 9. h3 h6 10. Na3 0-0 11. Nc2 Bb7 12. Ne3 a5 13. a3 axb4 14. axb4 Bxe3 15. Bxe3 Ne7 16. Nh4 Qd7 17. f4 Rxa1 18. Qxa1 Ra8 19. Qd1 exf4 20. Bxf4 g5 21. Bxg5 hxg5 22. Rxf6 gxh4 23. Rxf7 d5 24. Rf4 Ng6 25. Rg4 Kh7 26. Rg5 dxe4 27. Qh5+ Kg7 28. Rxg6+ Kf8 29. Rg8+ Ke7 30. Qe5+ 1-0

[Event "London Classic U1600 op 10th"]
[Site "London"]
[Date "2018.12.15"]
[Round "3"]
[White "Gohil, Shayan G"]
[Black "Sartain, Patrick"]
[Result "0-1"]
[WhiteElo "1292"]
[BlackElo "1525"]
[PlyCount "60"]
[EventDate "2018.12.14"]
[EventType "swiss"]
[EventRounds "5"]
[EventCountry "ENG"]
[SourceTitle "CBM 187 Extra"]
[Source "ChessBase"]
[SourceDate "2018.11.04"]
[SourceVersion "1"]
[SourceVersionDate "2018.11.04"]
[SourceQuality "1"]

1. e4 e6 2. d4 g6 3. Nc3 Bg7 4. Nf3 c6 5. Bf4 d5 6. Bd3 Ne7 7. 0-0 Nd7 8. Re1 Nf6 9. Be5 Nh5 10. Bxg7 Nxg7 11. Qd2 Ng8 12. Qh6 Nxh6 13. Rad1 Qe7 14. exd5 0-0 15. dxe6 Nxe6 16. d5 cxd5 17. Nxd5 Qc5 18. Ne3 Nf4 19. Be2 Nxe2+ 20. Rxe2 Ng4 21. Rd5 Qe7 22. Rd3 b6 23. h3 Nxe3 24. Rdxe3 Qb7 25. Re7 Qd5 26. Rd2 Qxa2 27. Ree2 Qxb2 28. c4 Qc1+ 29. Kh2 Qxc4 30. Rd4 Qxd4 0-1

[Event "London Chess Classic op 10th"]
[Site "London"]
[Date "2018.12.11"]
[Round "3"]
[White "Sartain, Patrick"]
[Black "Watkins, Sophie"]
[Result "1-0"]
[WhiteElo "1525"]
[BlackElo "1271"]
[PlyCount "75"]
[EventDate "2018.12.09"]
[EventType "swiss"]
[EventRounds "5"]
[EventCountry "ENG"]
[SourceTitle "EXT 2021"]
[Source "ChessBase"]
[SourceDate "2020.10.23"]
[SourceVersion "1"]
[SourceVersionDate "2020.10.23"]
[SourceQuality "1"]

1. e4 c5 2. f4 d6 3. Nf3 Nc6 4. c3 e6 5. Be2 Nf6 6. d3 Be7 7. 0-0 Qb6 8. Nbd2 d5 9. e5 Nd7 10. Kh1 Qc7 11. a3 a5 12. d4 c4 13. Qe1 b5 14. Nh4 g6 15. Ndf3 h6 16. Qg3 Nf8 17. Ng1 Bb7 18. Bd2 Qd8 19. Nhf3 b4 20. cxb4 axb4 21. axb4 Bxb4 22. Bxb4 Nxb4 23. Nd2 Rxa1 24. Rxa1 Nc2 25. Rd1 Qb6 26. Qc3 Nxd4 27. Nxc4 Nxe2 28. Nd6+ Qxd6 29. Nxe2 Qc6 30. Qd2 Nd7 31. Nd4 Qb6 32. b4 Ke7 33. b5 Rc8 34. f5 gxf5 35. Qxh6 Nxe5 36. Nxf5+ Kd7 37. Qf6 Qc7 38. Qe7# 1-0

[Event "London Classic op U1750 8th"]
[Site "London"]
[Date "2016.12.13"]
[Round "2"]
[White "Sartain, Patrick"]
[Black "Apaza, Jorge Antonio"]
[Result "1-0"]
[WhiteElo "1562"]
[BlackElo "1720"]
[PlyCount "107"]
[EventDate "2016.12.12"]
[EventType "swiss"]
[EventRounds "5"]
[EventCountry "ENG"]
[SourceTitle "EXT 2019"]
[Source "ChessBase"]
[SourceDate "2018.10.10"]
[SourceVersion "1"]
[SourceVersionDate "2018.10.10"]
[SourceQuality "1"]

1. e4 c5 2. f4 Nc6 3. c3 d6 4. Nf3 Nf6 5. d3 g6 6. Be2 Bg7 7. 0-0 Qb6 8. Kh1 c4 9. Nbd2 Ng4 10. Nxc4 Nf2+ 11. Rxf2 Qc5 12. d4 Qh5 13. d5 Nd8 14. Nd4 Qh4 15. Be3 0-0 16. e5 Re8 17. g3 Qh3 18. e6 fxe6 19. Bg4 Qh6 20. f5 g5 21. fxe6 Bxd4 22. Bxd4 b5 23. Ne3 Bb7 24. Qd2 Nxe6 25. Kg1 Nxd4 26. Qxd4 Qg7 27. Be6+ Kh8 28. Qxg7+ Kxg7 29. Rf7+ Kg6 30. Raf1 Bc8 31. Nf5 Bxe6 32. dxe6 g4 33. Nxe7+ Rxe7 34. Rxe7 b4 35. Rd7 bxc3 36. bxc3 d5 37. Rxd5 Re8 38. Rd6 Re7 39. c4 h5 40. c5 h4 41. Rf4 h3 42. Rxg4+ Kf5 43. Rf4+ Kg6 44. c6 Kg5 45. Kf2 a5 46. Ra4 Kf5 47. Rxa5+ Ke4 48. Ra4+ Ke5 49. Rdd4 Kf6 50. Rf4+ Ke5 51. Rae4+ Kd5 52. c7 Rxc7 53. e7 Rc2+ 54. Re2 1-0

[Event "London Classic op U1600 8th"]
[Site "London"]
[Date "2016.12.11"]
[Round "5"]
[White "Sartain, Patrick"]
[Black "Shatil, Shir"]
[Result "1-0"]
[WhiteElo "1562"]
[BlackElo "1392"]
[PlyCount "80"]
[EventDate "2016.12.09"]
[EventType "swiss"]
[EventRounds "5"]
[EventCountry "ENG"]
[SourceTitle "EXT 2019"]
[Source "ChessBase"]
[SourceDate "2018.10.10"]
[SourceVersion "1"]
[SourceVersionDate "2018.10.10"]
[SourceQuality "1"]

1. e4 c5 2. f4 e6 3. Nf3 d5 4. e5 Ne7 5. c3 Ng6 6. d4 cxd4 7. cxd4 Nc6 8. Be3 Be7 9. Be2 0-0 10. 0-0 Bd7 11. Kh1 Qb6 12. b3 f6 13. Bd3 Kf7 14. Bxg6+ hxg6 15. Nh4 f5 16. Nf3 Rh8 17. Nc3 Rh6 18. Ne2 Rah8 19. Bg1 Na5 20. Ng5+ Bxg5 21. fxg5 Rh4 22. Rf4 Rxf4 23. Nxf4 Rc8 24. Qd2 Qc7 25. Rf1 Bb5 26. Rf3 Nc6 27. Qf2 Qa5 28. a4 Ba6 29. Qh4 Ne7 30. Qg3 Rc1 31. h4 Nc6 32. h5 gxh5 33. g6+ Ke7 34. Qg5+ Kd7 35. Qxh5 Nxd4 36. Rf2 Qe1 37. Nh3 Ne2 38. Rxe2 Qxe2 39. Qg5 Qxe5 40. Qxc1 Qg3 1-0

[Event "Crawley e2e4 Gatwick op U1650"]
[Site "Crawley"]
[Date "2016.05.29"]
[Round "4"]
[White "Sartain, Patrick"]
[Black "Allen, Timothy S"]
[Result "1-0"]
[WhiteElo "1630"]
[BlackElo "1533"]
[PlyCount "79"]
[EventDate "2016.05.27"]
[EventType "swiss"]
[EventRounds "7"]
[EventCountry "ENG"]
[SourceTitle "EXT 2019"]
[Source "ChessBase"]
[SourceDate "2018.10.10"]
[SourceVersion "1"]
[SourceVersionDate "2018.10.10"]
[SourceQuality "1"]

1. e4 e5 2. Nf3 Nc6 3. Bc4 Nf6 4. Ng5 d5 5. exd5 Nd4 6. Nc3 h6 7. Nge4 Bg4 8. f3 Bh5 9. 0-0 a6 10. a3 Be7 11. Nxf6+ gxf6 12. Ne4 f5 13. Ng3 Bg6 14. c3 Nb5 15. Qe2 Nd6 16. Qxe5 f6 17. Qd4 h5 18. Ne2 Nb5 19. Bxb5+ axb5 20. Nf4 Bf7 21. b4 Qd6 22. d3 0-0-0 23. c4 bxc4 24. dxc4 c6 25. c5 Qe5 26. Qxe5 fxe5 27. d6 Bf6 28. Bb2 Rhe8 29. Ne2 Bc4 30. Rfe1 Bh4 31. g3 Bf6 32. f4 Bh8 33. fxe5 Bxe5 34. Bxe5 Rxe5 35. Nf4 Rde8 36. Rxe5 Rxe5 37. Kg2 Kd7 38. Nxh5 Re2+ 39. Kh3 Be6 40. Nf4 1-0